[Event "SVK-chT1W 2223"]
[Site "Slovakia"]
[Date "2022.12.04"]
[Round "6.6"]
[White "Bella, Julius"]
[Black "Orgon, Dusan"]
[Result "0-1"]
[WhiteElo "1932"]
[BlackElo "1986"]
[PlyCount "67"]
[EventDate "2022.10.15"]
[EventType "team-tourn"]
[EventRounds "11"]
[EventCountry "SVK"]
[SourceTitle "EXT 2024"]
[Source "ChessBase"]
[SourceDate "2023.10.10"]
[SourceVersion "1"]
[SourceVersionDate "2023.10.10"]
[SourceQuality "1"]
[WhiteTeam "Trnava Sered"]
[BlackTeam "Dubnica nad Vahom II"]
[WhiteTeamCountry "SVK"]
[BlackTeamCountry "SVK"]

1. e4 d5 2. exd5 Qxd5 3. Nc3 Qd6 4. d4 Nf6 5. Nf3 a6 6. g3 Bg4 7. Bg2 Nc6 8. h3 Bxf3 9. Bxf3 0-0-0 10. d5 Qe5+ 11. Be3 e6 12. 0-0 Bb4 13. Qe2 exd5 14. Bf4 Qxe2 15. Nxe2 h6 16. Rad1 Rhe8 17. Be3 Ne5 18. Bg2 Nc4 19. Rd3 Nxe3 20. Rxe3 Rxe3 21. fxe3 Re8 22. Nf4 c6 23. Nd3 Bd2 24. Rf3 Bxe3+ 25. Kf1 Bb6 26. Nf4 Bc7 27. Ne2 Re7 28. Nd4 Ne4 29. Nf5 Re5 30. Kg1 g6 31. Nxh6 f5 32. g4 Bb6+ 33. Kh2 Nd2 34. Rf1 0-1

[Event "SVK-chT1W 2223"]
[Site "Slovakia"]
[Date "2022.11.06"]
[Round "4.7"]
[White "Orgon, Dusan"]
[Black "Kuna, Vladimir"]
[Result "1/2-1/2"]
[WhiteElo "1986"]
[BlackElo "1923"]
[PlyCount "169"]
[EventDate "2022.10.15"]
[EventType "team-tourn"]
[EventRounds "11"]
[EventCountry "SVK"]
[SourceTitle "EXT 2024"]
[Source "ChessBase"]
[SourceDate "2023.10.10"]
[SourceVersion "1"]
[SourceVersionDate "2023.10.10"]
[SourceQuality "1"]
[WhiteTeam "Dubnica nad Vahom II"]
[BlackTeam "Bratislava Slovan III"]
[WhiteTeamCountry "SVK"]
[BlackTeamCountry "SVK"]

1. d4 d5 2. Nf3 Nf6 3. e3 e6 4. Bd3 Be7 5. Nbd2 0-0 6. 0-0 b6 7. e4 dxe4 8. Nxe4 Bb7 9. Qe2 Nbd7 10. Ng3 c5 11. Be3 cxd4 12. Bxd4 Nc5 13. Bxc5 Bxc5 14. Rad1 Qc7 15. Ng5 g6 16. N5e4 Bxe4 17. Nxe4 Nxe4 18. Qxe4 Rad8 19. h4 Rd4 20. Qf3 Rxh4 21. g3 Rh5 22. Kg2 Qe5 23. b3 a5 24. a4 Kg7 25. Rfe1 Qc7 26. Rh1 Rxh1 27. Rxh1 Qe5 28. Rh4 Rh8 29. Rf4 Rf8 30. Rh4 h6 31. Re4 Qg5 32. Qe2 Rd8 33. Re5 Qf6 34. Re4 h5 35. Bc4 Qg5 36. Bd3 Rd5 37. Qe1 Qf6 38. Rf4 Qd8 39. Qe2 Qd7 40. Re4 Rf5 41. f3 Rd5 42. Re5 Qd6 43. Rxd5 Qxd5 44. Qe4 Qg5 45. f4 Qf6 46. Be2 Qa1 47. Bf1 Qc3 48. Qd3 Qe1 49. Qe2 Qa1 50. Qd3 Qc1 51. Kf3 h4 52. gxh4 Qe1 53. Qe2 Qxh4 54. Qe5+ Kh7 55. Qe2 Qh1+ 56. Kg3 Qg1+ 57. Bg2 Qc1 58. Kf3 Bd6 59. Qe4 Qd1+ 60. Kf2 Qg4 61. Ke3 Qg3+ 62. Bf3 Qe1+ 63. Be2 Qc1+ 64. Kf3 Qh1+ 65. Ke3 Bc5+ 66. Kd3 Qc1 67. Qb7 Kg7 68. Qe4 Qe1 69. Qe5+ Kg8 70. Bf3 Qf1+ 71. Be2 Qf2 72. Qe4 Bd6 73. Bf3 Qf1+ 74. Kd2 Qf2+ 75. Kd3 Qf1+ 76. Kd2 Qf2+ 77. Kd3 Bc5 78. Kc4 Qd2 79. c3 Qd6 80. Qe5 Qd7 81. Qb8+ Kg7 82. Qe5+ Kg8 83. Qe4 Qd2 84. Qa8+ Kg7 85. Qe4 1/2-1/2

[Event "SVK-chT2B 2223"]
[Site "Slovakia"]
[Date "2022.10.08"]
[Round "1.3"]
[White "Rakovsky, Jakub"]
[Black "Orgon, Dusan"]
[Result "1-0"]
[WhiteElo "2012"]
[BlackElo "1980"]
[PlyCount "79"]
[EventDate "2022.10.08"]
[EventType "team-tourn"]
[EventRounds "11"]
[EventCountry "SVK"]
[SourceTitle "CBM 210 Extra"]
[Source "ChessBase"]
[SourceDate "2022.11.30"]
[SourceVersion "1"]
[SourceVersionDate "2022.11.30"]
[SourceQuality "1"]
[WhiteTeam "Tlmace"]
[BlackTeam "Dubnica nad Vahom III"]
[WhiteTeamCountry "SVK"]
[BlackTeamCountry "SVK"]

1. e4 e6 2. d3 d5 3. Qe2 b6 4. g3 Bb7 5. Bg2 Ne7 6. b3 dxe4 7. dxe4 Ba6 8. Qd2 Nbc6 9. Nf3 Ng6 10. Qxd8+ Rxd8 11. a3 Be7 12. Bb2 Bf6 13. Bxf6 gxf6 14. Nbd2 Ke7 15. Bf1 Bb7 16. 0-0-0 Nce5 17. Nxe5 Nxe5 18. f3 h5 19. Be2 c5 20. Rhf1 Nc6 21. c3 h4 22. g4 e5 23. Kc2 Nb8 24. Rfe1 Nd7 25. Nc4 Nb8 26. Ne3 Rxd1 27. Rxd1 Bc6 28. Nf5+ Ke8 29. Rd6 Bd7 30. Rxf6 Bxf5 31. Rxf5 Nd7 32. Bb5 Ke7 33. Bxd7 Kxd7 34. Rxe5 Kd6 35. Rd5+ Ke6 36. Kd3 f6 37. Ke3 Rh7 38. c4 a6 39. h3 Rc7 40. a4 1-0

[Event "SVK-chT3B2 2122"]
[Site "Slovakia"]
[Date "2022.04.10"]
[Round "8.4"]
[White "Orgon, Dusan"]
[Black "Hlinka, Miroslav"]
[Result "1-0"]
[WhiteElo "1984"]
[BlackElo "1991"]
[PlyCount "77"]
[EventDate "2021.10.24"]
[EventType "team-tourn"]
[EventRounds "11"]
[EventCountry "SVK"]
[SourceTitle "EXT 2024"]
[Source "ChessBase"]
[SourceDate "2023.10.10"]
[SourceVersion "1"]
[SourceVersionDate "2023.10.10"]
[SourceQuality "1"]
[WhiteTeam "Dubnica nad Vahom III"]
[BlackTeam "Nemsova Horne Srnie"]
[WhiteTeamCountry "SVK"]
[BlackTeamCountry "SVK"]

1. e4 c5 2. c4 Nc6 3. Nc3 g6 4. g3 Bg7 5. Bg2 e6 6. Nge2 Nge7 7. 0-0 0-0 8. d3 a6 9. a4 b6 10. Rb1 Bb7 11. Be3 Nb4 12. d4 cxd4 13. Bxd4 f6 14. Qb3 Nec6 15. Be3 Rb8 16. Rfd1 Rf7 17. Bf4 Rc8 18. Bd6 Bf8 19. Nf4 Qe8 20. Bxb4 Nxb4 21. Nd3 Qe7 22. Rbc1 Nxd3 23. Rxd3 Qc5 24. Rcd1 Rc7 25. Qa2 f5 26. b3 Bg7 27. exf5 gxf5 28. Bxb7 Rxb7 29. Ne2 Be5 30. Qd2 Qe7 31. Qe3 Bf6 32. Rd6 b5 33. Rxa6 bxc4 34. bxc4 Qb4 35. c5 Rc7 36. c6 Rxc6 37. Rxc6 dxc6 38. Qxe6 Qxa4 39. Rd7 1-0

[Event "SVK-chT1W 2122"]
[Site "Slovakia"]
[Date "2022.03.19"]
[Round "5.7"]
[White "Belak, Stefan"]
[Black "Orgon, Dusan"]
[Result "0-1"]
[WhiteElo "1897"]
[BlackElo "1989"]
[PlyCount "118"]
[EventDate "2021.11.06"]
[EventType "team-tourn"]
[EventRounds "11"]
[EventCountry "SVK"]
[SourceTitle "EXT 2023"]
[Source "ChessBase"]
[SourceDate "2022.10.05"]
[SourceVersion "1"]
[SourceVersionDate "2022.10.05"]
[SourceQuality "1"]
[WhiteTeam "Povazska Bystrica"]
[BlackTeam "Dubnica nad Vahom II"]
[WhiteTeamCountry "SVK"]
[BlackTeamCountry "SVK"]

1. d4 f5 2. Nf3 Nf6 3. g3 e6 4. Bg2 d5 5. 0-0 Bd6 6. b3 Qe7 7. Bb2 0-0 8. Nbd2 Nbd7 9. c4 c6 10. Rc1 Ne4 11. Ne5 Ndf6 12. f3 Nxd2 13. Qxd2 Bd7 14. c5 Bc7 15. e3 Be8 16. a3 Nd7 17. b4 a6 18. Qc2 g5 19. Nxd7 Qxd7 20. f4 h6 21. Qe2 Bg6 22. Kf2 Qf7 23. Rh1 Bh5 24. Bf3 Bxf3 25. Qxf3 a5 26. Ra1 Ra6 27. Qe2 axb4 28. axb4 Rfa8 29. Rxa6 Rxa6 30. Ra1 Rxa1 31. Bxa1 Qe8 32. Bc3 Kg7 33. Kg2 Kg6 34. Qa2 Qb8 35. Bd2 Kf6 36. Qa4 Qe8 37. Qd1 g4 38. h4 gxh3+ 39. Kxh3 Qg6 40. Be1 h5 41. Qe2 Qg4+ 42. Qxg4 fxg4+ 43. Kg2 Kf5 44. Kf2 Bd8 45. Ke2 Ke4 46. Bf2 b6 47. cxb6 Bxb6 48. Be1 Bd8 49. Bf2 Bf6 50. Be1 Be7 51. Bf2 Bxb4 52. Bg1 Ba3 53. Bf2 c5 54. dxc5 Bxc5 55. Bg1 d4 56. exd4 Bxd4 57. Bxd4 Kxd4 58. Kd2 Ke4 59. Ke2 h4 0-1

[Event "Piestany Slovakia op"]
[Site "Piestany"]
[Date "2021.07.15"]
[Round "6"]
[White "Orgon, Dusan"]
[Black "Bochnickova, Simona"]
[Result "0-1"]
[WhiteElo "1971"]
[BlackElo "1602"]
[PlyCount "64"]
[EventDate "2021.07.10"]
[EventType "swiss"]
[EventRounds "9"]
[EventCountry "SVK"]
[SourceTitle "CBM 203 Extra"]
[Source "ChessBase"]
[SourceDate "2021.09.30"]
[SourceVersion "1"]
[SourceVersionDate "2021.09.30"]
[SourceQuality "1"]

1. e4 e5 2. f4 d5 3. exd5 exf4 4. Bb5+ c6 5. dxc6 Nxc6 6. Nf3 Nf6 7. d4 Bd6 8. 0-0 0-0 9. Nc3 Bg4 10. Be2 Rc8 11. Nb5 Bb8 12. c3 a6 13. Na3 b5 14. Nc2 Qb6 15. Nce1 Rfd8 16. Nd3 Nd5 17. Kh1 Re8 18. h3 Bh5 19. Nc5 Bd6 20. Nd7 Qa7 21. Nfe5 Bxe2 22. Qxe2 Qxd7 23. Qf3 Bxe5 24. dxe5 Nxe5 25. Qd1 f3 26. g4 Qc6 27. a4 b4 28. cxb4 Nxb4 29. Bf4 Rcd8 30. Qb3 f2+ 31. Kh2 Rd3 32. Qxb4 Qf3 0-1

[Event "Piestany Slovakia op"]
[Site "Piestany"]
[Date "2021.07.13"]
[Round "4"]
[White "Orgon, Dusan"]
[Black "Chlpik, Martin"]
[Result "0-1"]
[WhiteElo "1971"]
[BlackElo "2220"]
[PlyCount "66"]
[EventDate "2021.07.10"]
[EventType "swiss"]
[EventRounds "9"]
[EventCountry "SVK"]
[SourceTitle "CBM 203 Extra"]
[Source "ChessBase"]
[SourceDate "2021.09.30"]
[SourceVersion "1"]
[SourceVersionDate "2021.09.30"]
[SourceQuality "1"]

1. b3 e5 2. Bb2 Nc6 3. e3 d6 4. Bb5 Bd7 5. Nf3 f5 6. d4 e4 7. Nfd2 Qg5 8. g3 Nf6 9. Bxc6 Bxc6 10. c4 h5 11. h4 Qg6 12. Nc3 Ng4 13. Ne2 Be7 14. Nf4 Qf7 15. Qe2 Rh6 16. 0-0-0 a5 17. d5 Bd7 18. f3 Nf6 19. Kb1 a4 20. b4 a3 21. Bc3 b5 22. Rh2 c5 23. dxc6 Bxc6 24. Nd5 Nxd5 25. cxd5 Bxd5 26. Nxe4 Bc4 27. Qc2 fxe4 28. Qxe4 Qg6 29. Qxg6+ Rxg6 30. Rg1 Bf6 31. Bd2 Bb2 32. Kc2 Rc8 33. Kd1 Bxa2 0-1

[Event "Piestany Slovakia op"]
[Site "Piestany"]
[Date "2021.07.12"]
[Round "3"]
[White "Paholok, Igor"]
[Black "Orgon, Dusan"]
[Result "0-1"]
[WhiteElo "1664"]
[BlackElo "1971"]
[PlyCount "54"]
[EventDate "2021.07.10"]
[EventType "swiss"]
[EventRounds "9"]
[EventCountry "SVK"]
[SourceTitle "CBM 203 Extra"]
[Source "ChessBase"]
[SourceDate "2021.09.30"]
[SourceVersion "1"]
[SourceVersionDate "2021.09.30"]
[SourceQuality "1"]

1. d4 f5 2. e3 Nf6 3. Bd3 e6 4. Nd2 b6 5. Ngf3 Bb7 6. Qe2 Ne4 7. g4 Nxd2 8. Bxd2 fxg4 9. Ne5 Bxh1 10. Qxg4 Qf6 11. e4 Be7 12. 0-0-0 0-0 13. Rxh1 d6 14. Rg1 dxe5 15. dxe5 Qg6 16. Qd1 Qf7 17. Bh6 g6 18. Qg4 Nc6 19. f4 Rfe8 20. Bb5 Nd4 21. Bxe8 Rxe8 22. c3 Nc6 23. f5 exf5 24. exf5 Nxe5 25. Qe4 Bc5 26. fxg6 Nxg6 27. Rxg6+ hxg6 0-1

[Event "SVK-chT3B2 1920"]
[Site "Slovakia"]
[Date "2020.02.23"]
[Round "9.1"]
[White "Kijac, Miroslav"]
[Black "Orgon, Dusan"]
[Result "1/2-1/2"]
[WhiteElo "2124"]
[BlackElo "1989"]
[PlyCount "116"]
[EventDate "2019.10.06"]
[EventType "team-tourn"]
[EventRounds "11"]
[EventCountry "SVK"]
[SourceTitle "CBM 195 Extra"]
[Source "ChessBase"]
[SourceDate "2020.05.31"]
[SourceVersion "1"]
[SourceVersionDate "2020.05.31"]
[SourceQuality "1"]
[WhiteTeam "Trencin II"]
[BlackTeam "Dubnica nad Vahom III"]
[WhiteTeamCountry "SVK"]
[BlackTeamCountry "SVK"]

1. Nf3 d5 2. e3 e6 3. c4 c6 4. Nc3 Bd6 5. d4 f5 6. Ne5 Nf6 7. Bd3 0-0 8. 0-0 Ne4 9. f3 Nxc3 10. bxc3 Nd7 11. f4 Nf6 12. cxd5 exd5 13. c4 Be6 14. Qc2 Ne4 15. Rb1 Qc7 16. c5 Be7 17. Bd2 g5 18. Be1 g4 19. Qb3 Rab8 20. Qa3 b6 21. Bb4 bxc5 22. dxc5 Rxb4 23. Qxb4 Bxc5 24. Qe1 Bb6 25. Rc1 c5 26. h3 c4 27. Bxe4 dxe4 28. hxg4 fxg4 29. Qg3 Kh8 30. Rc3 Ba5 31. Rc2 c3 32. Qh4 Bf5 33. Rb1 Bb6 34. Rd1 Ba5 35. Kf2 Bb6 36. Rdc1 g3+ 37. Qxg3 Rg8 38. Qh4 Qg7 39. g4 Bxg4 40. Rg1 Rf8 41. Qxg4 Qxe5 42. Qg8+ Rxg8 43. Rxg8+ Kxg8 44. fxe5 Ba5 45. Kg3 Kf7 46. Kf4 Ke6 47. Kxe4 h5 48. Rh2 h4 49. Kd3 Bd8 50. Kxc3 Kxe5 51. Kd3 Kf5 52. Rf2+ Kg4 53. Rf8 Bg5 54. Rf1 h3 55. Ke2 Bh4 56. a4 h2 57. Rh1 Bg3 58. Rb1 Bh4 1/2-1/2

[Event "SVK-chT2B 1920"]
[Site "Slovakia"]
[Date "2020.01.26"]
[Round "7.3"]
[White "Bielik, Jakub"]
[Black "Orgon, Dusan"]
[Result "1/2-1/2"]
[WhiteElo "1953"]
[BlackElo "1967"]
[PlyCount "46"]
[EventDate "2019.10.26"]
[EventType "team-tourn"]
[EventRounds "11"]
[EventCountry "SVK"]
[SourceTitle "CBM 194 Extra"]
[Source "ChessBase"]
[SourceDate "2020.03.31"]
[SourceVersion "1"]
[SourceVersionDate "2020.03.31"]
[SourceQuality "1"]
[WhiteTeam "Povazske Podhradie"]
[BlackTeam "Trencin"]
[WhiteTeamCountry "SVK"]
[BlackTeamCountry "SVK"]

1. e4 c5 2. Nf3 g6 3. Bc4 Bg7 4. 0-0 Nc6 5. Re1 e6 6. Nc3 a6 7. a4 Nge7 8. d3 d6 9. Bg5 0-0 10. Qd2 Nd4 11. Nxd4 cxd4 12. Ne2 Re8 13. c3 dxc3 14. Nxc3 Qa5 15. Rad1 Nc6 16. Bh6 Bd4 17. Be3 Qb6 18. Bxd4 Nxd4 19. Qe3 Bd7 20. Rd2 Bc6 21. Ba2 Qb4 22. Bc4 Qb6 23. Ba2 Qb4 1/2-1/2

[Event "SVK-chT3B2 1920"]
[Site "Slovakia"]
[Date "2020.01.19"]
[Round "6.2"]
[White "Adamik, Bohuslav"]
[Black "Orgon, Dusan"]
[Result "1/2-1/2"]
[WhiteElo "1868"]
[BlackElo "1989"]
[PlyCount "58"]
[EventDate "2019.10.06"]
[EventType "team-tourn"]
[EventRounds "11"]
[EventCountry "SVK"]
[SourceTitle "CBM 195 Extra"]
[Source "ChessBase"]
[SourceDate "2020.05.31"]
[SourceVersion "1"]
[SourceVersionDate "2020.05.31"]
[SourceQuality "1"]
[WhiteTeam "Lehota pod Vtacnikom"]
[BlackTeam "Dubnica nad Vahom III"]
[WhiteTeamCountry "SVK"]
[BlackTeamCountry "SVK"]

1. d4 b5 2. Nf3 Bb7 3. g3 e6 4. Bg2 Nf6 5. 0-0 Be7 6. b3 0-0 7. Bb2 d6 8. Nbd2 Nbd7 9. c4 b4 10. Qc2 c5 11. Rfe1 Qc7 12. e4 e5 13. d5 a5 14. Nf1 Nb6 15. Ne3 a4 16. Rad1 Ra6 17. Nh4 g6 18. Bh3 Nh5 19. Nhg2 Bg5 20. Bg4 Bxe3 21. Nxe3 axb3 22. axb3 Ng7 23. f4 f6 24. Rf1 Qe7 25. fxe5 fxe5 26. Rxf8+ Kxf8 27. Rf1+ Kg8 28. Bc1 h5 29. Bh3 Ra8 1/2-1/2

[Event "SVK-chT3B2 1819"]
[Site "Slovakia"]
[Date "2019.03.10"]
[Round "9.1"]
[White "Orgon, Dusan"]
[Black "Struhar, Jan"]
[Result "1-0"]
[WhiteElo "2024"]
[BlackElo "2012"]
[PlyCount "39"]
[EventDate "2018.10.21"]
[EventType "team-tourn"]
[EventRounds "11"]
[EventCountry "SVK"]
[SourceTitle "CBM 189 Extra"]
[Source "ChessBase"]
[SourceDate "2019.06.03"]
[SourceVersion "1"]
[SourceVersionDate "2019.06.03"]
[SourceQuality "1"]
[WhiteTeam "Dubnica nad Vahom IV"]
[BlackTeam "Nemsova Horne Srnie"]
[WhiteTeamCountry "SVK"]
[BlackTeamCountry "SVK"]

1. d4 e6 2. e4 d5 3. Bd3 dxe4 4. Bxe4 Nf6 5. Bf3 c5 6. Ne2 Nc6 7. Be3 cxd4 8. Nxd4 Ne5 9. Nc3 Nxf3+ 10. Qxf3 Bb4 11. 0-0-0 Bxc3 12. Nxe6 Qa5 13. Nxg7+ Ke7 14. bxc3 Ng4 15. Rhe1 Nxe3 16. Qxe3+ Kf6 17. Qd4+ Kg6 18. Rd3 h5 19. Ne8 Qg5+ 20. f4 1-0

[Event "SVK-chT1W 1819"]
[Site "Slovakia"]
[Date "2018.10.28"]
[Round "2.8"]
[White "Orgon, Dusan"]
[Black "Foglar, Ivan"]
[Result "1/2-1/2"]
[WhiteElo "2038"]
[BlackElo "1957"]
[PlyCount "115"]
[EventDate "2018.10.27"]
[EventType "team-tourn"]
[EventRounds "11"]
[EventCountry "SVK"]
[SourceTitle "CBM 187 Extra"]
[Source "ChessBase"]
[SourceDate "2018.11.04"]
[SourceVersion "1"]
[SourceVersionDate "2018.11.04"]
[SourceQuality "1"]
[WhiteTeam "Dubnica nad Vahom II"]
[BlackTeam "Bratislava Lokomotiva"]
[WhiteTeamCountry "SVK"]
[BlackTeamCountry "SVK"]

1. d4 d5 2. Bg5 c6 3. e3 Nf6 4. Bxf6 exf6 5. c4 Be7 6. Nc3 0-0 7. Qb3 dxc4 8. Bxc4 Nd7 9. Nf3 Nb6 10. Bd3 g6 11. 0-0 Be6 12. Qc2 Nd5 13. a3 Rc8 14. b4 a5 15. Nxd5 Bxd5 16. Rfb1 Bxf3 17. gxf3 axb4 18. axb4 Qb6 19. Ra4 f5 20. f4 Ra8 21. Kh1 Rfd8 22. Bc4 Rxa4 23. Qxa4 Qc7 24. Qb3 Bh4 25. Qa2 Kg7 26. Kg1 Qe7 27. Qa5 Qe4 28. Qe5+ Bf6 29. Qxe4 fxe4 30. b5 Rd7 31. bxc6 bxc6 32. Rb6 Bd8 33. Rxc6 Rc7 34. d5 h6 35. Kg2 Rxc6 36. dxc6 f5 37. Kg3 g5 38. Be6 Kf6 39. Bd7 Bc7 40. h3 Bd6 41. Bc8 Bc7 42. Ba6 Bd6 43. Bb5 Bc7 44. Ba4 gxf4+ 45. exf4 Ke6 46. Bb3+ Kf6 47. Bc4 Bd6 48. Ba6 Bc7 49. Bb7 Bd6 50. Bc8 Bc7 51. Bd7 Bd6 52. Be8 Bc7 53. Bh5 Bd6 54. Bd1 Bc7 55. Bc2 Bd6 56. f3 e3 57. Bd3 Bc7 58. Bc4 1/2-1/2